LDR 00504naa#a2200181#i#450# 001 EN\INFRA-M\bibl\11155 005 20260417064600.5 011 ## _a2075-4094 100 ## _a20160519b2016####ek#y0engy0150####ca 101 0# _aRUS 102 ## _aRU 200 1# _aModern sedation aspects at endoscopic examination _eJournal article 210 1# _aMoscow _cINFRA-M Academic Publishing LLC. _d2016 215 ## _a0 с. 608 ## _aJournal article _2local 700 #1 _aKireev _gV. 700 #1 _aKitiashvili _gD. 856 4# _anaukaru.ru _u